000 01563nam a2200361 c 4500
999 _c66885
_d66885
003 BLK
005 20210810173128.0
008 180408b bul|||||r ||||||| ||bul||
010 _aKNG00071188000
020 _a954-779-056-0
040 _aBLK
041 _aBUL
_cBUL
080 _aОснови на математиката в основното образование
_b372.47
_x(076)(075.2)
_z372.47(076)(075.2)
100 1 _aПаскалева, Здравка Крумова
_eпърви автор
_9367047
139 _aПаскалева, Здравка Крумова и др.
_bП 25
245 1 0 _aСборник по математика за ІІ клас
_bКн. за ученика : Задачи, тестове
_cЗдравка Крумова Паскалева; съавт. Мая Събчева Алашка.
257 _aBGR
260 _bАрхимед
_c2005
300 _a80 с.
_bс табл., черт.
_c26 см
380 _a3
500 _aСъдържа и Отговори.
650 4 _aМатематика - задачи - учебници за основни училища
_9242716
653 _aматематика
653 _aІІ кл.
653 _aзадачи
653 _aучебни помагала
700 1 _aАлашка, Мая Събчева
_eсъавт.
_9370754
852 _aЦб ІІ 14264
856 4 _qpdf
856 4 _qpdf
942 _cKNG
_n0
_012
_s1
944 _aCR
_c05.02.2007
_lф /
_kЛюдмила_Стоянова
944 _aED
_c12.06.2015
_lф /
_kВиолета_Тройчева
999 _d66885